<?xml version="1.0" encoding="UTF-8"?><?xml-stylesheet type="text/xsl" href="static/style.xsl"?><OAI-PMH xmlns="http://www.openarchives.org/OAI/2.0/" xmlns:xsi="http://www.w3.org/2001/XMLSchema-instance" xsi:schemaLocation="http://www.openarchives.org/OAI/2.0/ http://www.openarchives.org/OAI/2.0/OAI-PMH.xsd"><responseDate>2026-04-17T14:27:59Z</responseDate><request verb="GetRecord" identifier="oai:www.recercat.cat:2072/393958" metadataPrefix="marc">https://recercat.cat/oai/request</request><GetRecord><record><header><identifier>oai:recercat.cat:2072/393958</identifier><datestamp>2026-04-04T22:43:08Z</datestamp><setSpec>com_2072_98</setSpec><setSpec>col_2072_378192</setSpec></header><metadata><record xmlns="http://www.loc.gov/MARC21/slim" xmlns:dcterms="http://purl.org/dc/terms/" xmlns:xsi="http://www.w3.org/2001/XMLSchema-instance" xmlns:doc="http://www.lyncode.com/xoai" xsi:schemaLocation="http://www.loc.gov/MARC21/slim http://www.loc.gov/standards/marcxml/schema/MARC21slim.xsd">
   <leader>00925njm 22002777a 4500</leader>
   <datafield ind2=" " ind1=" " tag="042">
      <subfield code="a">dc</subfield>
   </datafield>
   <datafield ind2=" " ind1=" " tag="720">
      <subfield code="a">Camagni, Roberto</subfield>
      <subfield code="e">author</subfield>
   </datafield>
   <datafield ind2=" " ind1=" " tag="260">
      <subfield code="c">2011</subfield>
   </datafield>
   <datafield ind2=" " ind1=" " tag="520">
      <subfield code="a">Es presenten les quatre grans classes d'elements del capital territorial de l'Arc Llatí en què s'hauria d'incidir des del punt de vista polític: el capital d'infraestructura i l'estructura dels assentaments, que inclouen també les característiques del sistema urbà i la qualitat del medi ambient; el capital cognitiu, en forma de coneixement, competències, habilitats, estructures de recerca i educació, integrat tant en el capital productiu com en el capital humà; el capital cultural i identitari, que abraça el patrimoni cultural, el paisatge i el capital natural; i el capital social i relacional, en forma de civisme, voluntat associativa i capacitat de cooperació.</subfield>
   </datafield>
   <datafield ind2="0" ind1="0" tag="245">
      <subfield code="a">Opcions de política en el cas de l'Arc Llatí</subfield>
   </datafield>
</record></metadata></record></GetRecord></OAI-PMH>